La Protección del empleo /
Gorde:
| Erakunde egilea: | |
|---|---|
| Formatua: | Texto |
| Gaiak: | |
| Etiketak: |
Etiketa erantsi
Etiketarik gabe, Izan zaitez lehena erregistro honi etiketa jartzen!
|
MARC
| LEADER | 00000 a a2200000 04500 | ||
|---|---|---|---|
| 001 | 12503 | ||
| 003 | |||
| 040 | |||
| 110 | |a OIT | ||
| 245 | |a La Protección del empleo / |c OIT | ||
| 650 | |a MUJERES | ||
| 650 | |a EMPLEO | ||
| 650 | |a LICENCIA DE MATERNIDAD | ||
| 650 | |a SEGURIDAD EN EL EMPLEO | ||
| 773 | |g volumen 8, número 30; páginas 11-15 | ||
| 999 | |c 27807 |d 27807 | ||
